000 00351 a2200157 4500
001 71696
020 _a8526250736
040 _cAnchieta - Colégio São Paulo
100 _aLópez, Amélia
240 1 0 _aOs três porquinhos
_lpor
245 1 0 _aOs três porquinhos
300 _a30
362 0 _a2004
650 4 _aLiteratura infantil
942 _cBK
999 _c71696
_d71696